000
00389nam a2200145Ia 4500
041
_a
Arabic
082
_a
341.21cut 92ە
100
_a
20260118u\\\\\\\\\\\y0engy0103\\\\ba
100
_a
د. فخرى رشيد الهنا
245
0
_a
النضلمات الدولية
250
_a
ط1
260
_b
العاتل الصنا الكتب
_a
القاهرة
300
_a
347
942
_c
Bk
999
_c
188397
_d
188397